000 00835nam a22002055i 4500
001 157266
003 ES-MaACL
005 20250809063527.0
008 950206s1863 be |||| | fre d
040 _aCLM
_bspa
100 1 _aLaurent, François,
_d1810-1887
_9128741
245 1 0 _aHistoire du droit des gens et des relations internationales.
_nIX,
_pÉtudes sur l'histoire de l'humanité : Les guerres de religion /
_cpar F. Laurent.
260 _aBruxelles ;
_aLeipzig :
_bA. Lacroix, Verboeckhoven et Ce...,
_c1863.
300 _a524 p. ;
_c21 cm.
650 0 4 _aDerecho internacional-
_xHistoria.
_911719
651 _aEuropa-
_xHistoria-
_yS.XVI.
_98612
852 _aES-MaACL
_jD-4574
_z-- Enc. hol.
852 _aES-MaACL
_jD-2819
_z-- Enc. hol.
_x-- Edic...T490: el nº de la serie es el 9
999 _c157266
_d157266